Freguesias de Valongo - Statistics

Estatísticas Gerais
  • Esse quiz foi jogado 14 vezes
  • A pontuação média é 4 de 5
Estatísticas das Respostas
Número Freguesias % Correto
5 Valongo
100%
1 Alfena
90%
3 Ermesinde
90%
2 Campo
60%
4 Sobrado
60%
Nenhum quiz correspondente encontrado
Distribuição das Pontuações
Porcentagem de Pessoas com Cada Pontuação
Percentil de Números Respondidos
Sua Pontuação Histórica
Você não jogou esse quiz